| 000 | 00501nam a2200181 i 4500 | ||
|---|---|---|---|
| 001 | 185842 | ||
| 003 | ES-MaACL | ||
| 005 | 20230906222529.0 | ||
| 008 | 160816s1963 sp |||| | baq d | ||
| 245 | 0 | 0 | _aIzar. |
| 260 |
_aBilbao : _b[s.n.], _c1963 ( _fGraf. Bilbao) |
||
| 300 |
_a162 p. ; _c18 cm. |
||
| 490 | 1 |
_aColección Olerti, 1963 ; _v1-2 |
|
| 650 | 4 |
_aPoesías vascas. _9160489 |
|
| 830 | 0 |
_aColección Olerti, 1963 ; _v1-2 _9192414 |
|
| 852 |
_aES-MaACL _jE-5082 |
||
| 999 |
_c185842 _d185842 |
||